00350nam a22001217a 4500003000400000008004100004020001800045082001800063100002500081245007300106260003700179300001200216OSt240828b |||||||| |||| 00| 0 eng d a9788124605936 a306.8509bSII aSINGH, Bal Ram (Ed.) aIndian Family System : the concept, practices, and current relevance aDelhi:bDK Print World.c20011. ax,251p.